000
00275nam a2200109Ia 4500
008
200302s9999 xx 000 0 und d
100
_a
Isabel Kuhl and Others
245
_a
50 Buildings you should know
260
_b
Prestel Publishing Ltd.
260
_c
2007
300
_a
171 P.,
999
_c
4110
_d
4110